Information security risk management for ISO 27001 - ISO 27002
সংরক্ষণ করুন:
| প্রধান লেখক: | , |
|---|---|
| বিন্যাস: | গ্রন্থ |
| ভাষা: | ইংরেজি |
| প্রকাশিত: |
Cambridge
IT Governance
2010
|
| বিষয়গুলি: | |
| ট্যাগগুলো: |
ট্যাগ যুক্ত করুন
কোনো ট্যাগ নেই, প্রথমজন হিসাবে ট্যাগ করুন!
|
MARC
| LEADER | 00000nam a2200000 a 4500 | ||
|---|---|---|---|
| 001 | UCG5438 | ||
| 003 | CL-VaPUC | ||
| 008 | 110303e20100000uk |||||||||||||||||eng|d | ||
| 020 | |a 9781849280433 | ||
| 082 | 0 | 4 | |a 005.8 |b CAL |2 21 |
| 100 | 0 | |a Calder, Alan |e author |9 555177 | |
| 700 | 0 | |a Watkins, Steve G |e author |9 555178 | |
| 245 | 1 | 0 | |a Information security risk management for ISO 27001 - ISO 27002 |
| 300 | |a 186 p | ||
| 942 | |c BK | ||
| 945 | |d 20110303 00:00:00 |a dcastane | ||
| 260 | |a Cambridge |b IT Governance |c 2010 | ||
| 650 | 7 | |a REDES COMPUTACIONALES |2 CL-VaPUC |9 454213 | |
| 650 | 7 | |a SEGURIDAD DE DATOS |2 CL-VaPUC |9 555179 | |
| 583 | |a last modification |c 20171115 12:41:54 |k Rodrigo Vera | ||
| 999 | |c 343955 |d 343953 | ||
| 952 | |0 0 |1 0 |4 0 |6 005_800000000000000_CAL_2010 |7 0 |8 A |9 441673 |a BIBING |b BIBING |d 2019-11-22 |i 4752619 |o 005.8 CAL 2010 |p 4752619 |r 2025-01-20 |w 2019-11-22 |y BK |k EII | ||